Catálogo
 En Linea

Manifiestos y correspondencias para un croquis del siglo XX / (Registro nro. 45126)

Detalles MARC
000 -CABECERA
campo de control de longitud fija 00537nam a2200145 a 4500
001 - NÚMERO DE CONTROL
campo de control 000045637
005 - FECHA Y HORA DE LA ÚLTIMA TRANSACCIÓN
campo de control 20201002052347.0
008 - DATOS DE LONGITUD FIJA--INFORMACIÓN GENERAL
campo de control de longitud fija 150420s2008 ag c 000 0 spa d
040 ## - FUENTE DE LA CATALOGACIÓN
Centro catalogador/agencia de origen DO-SdBNP
Lengua de catalogación spa
Centro/agencia transcriptor BNPHU
100 1# - ENTRADA PRINCIPAL--NOMBRE DE PERSONA
Nombre de persona Storni, Alfonsina
9 (RLIN) 73708
245 10 - MENCIÓN DE TÍTULO
Título Manifiestos y correspondencias para un croquis del siglo XX /
Mención de responsabilidad, etc. Alfonsina Storni, Leopoldo Lugones.
260 ## - PUBLICACIÓN, DISTRIBUCIÓN, ETC.
Lugar de publicación, distribución, etc. Buenos Aires :
Nombre del editor, distribuidor, etc. Biblioteca Nacional de la República de Argentina,
Fecha de publicación, distribución, etc. 2008.
300 ## - DESCRIPCIÓN FÍSICA
Extensión [24] p. :
Otras características físicas il., retrs. ;
Dimensiones 21 cm.
505 0# - NOTA DE CONTENIDO CON FORMATO
Nota de contenido con formato v. 4 : 1938 Por mano propia--
Existencias
Estado de retiro Estado de pérdida Restricciones de uso No para préstamo Código de colección Localización permanente Ubicación/localización actual Ubicación en estantería Fecha de adquisición Número de inventario Total de préstamos Signatura topográfica completa Código de barras Fecha visto por última vez Precio válido a partir de Tipo de ítem Koha
        Monografías: Libros y Folletos General General Orden iniciada 20.04.2015 LF1   45637-10 25.06.2020 25.06.2020 No se presta
        Monografías: Libros y Folletos General General Orden iniciada 20.04.2015 LF1   45637-20 25.06.2020 25.06.2020 No se presta

Con tecnología Koha